000 00344nam a2200145Ia 4500
005 20251222175941.0
008 251222s9999||||xx |||||||||||||| ||spa||
020 _a8422675501
082 _a843.914/M89
100 _aMourad, Kenizé
245 0 _aUn Jardín en Badalpur
250 _a1ra.ed.
264 _bCírculo de Lectores
942 _cLIB
999 _c41368
_d41368